| 000 | 01118 a2200193 4500 | ||
|---|---|---|---|
| 003 | Nust | ||
| 005 | 20221123142709.0 | ||
| 010 | _a 80018067 | ||
| 020 | _a0060412666 | ||
| 040 | _cNust | ||
| 082 | 0 | 0 | _a621.3813,CHI |
| 100 | 1 |
_aChirlian, Paul M. _957387 |
|
| 245 | 1 | 0 |
_aAnalysis and design of integrated electronic circuits / _cPaul M. Chirlian. |
| 260 |
_aNew York : _bHarper & Row, _cc1981. |
||
| 300 |
_axvi, 570 p. : _bill. ; _c25 cm. |
||
| 505 | _aSummery of Electrical Devices (Page-1), Graphical Analysis of Electronic Circuits (Page-47), Linear Equivalent Circuits of Electronic Devices (Page-84), Piecewise Linear Equivalent Circuits (Page-151), Amplifier Fundamental (Page-180), Class A Small Signal Amplifier (Page-198), Unturned Large Signal Amplifiers (Page-320), Tuned Large signal Amplifiers (Page-362), Introduction to Signal Flow Graphs (Page-388), Feedback Amplifier (Page-401), Sinusoidal Oscillators (Page-448), Pulse, Switching And Digital Circuits (Page-468), Modulation and Demodulation (Page-494), Power Supplier (Page-525). | ||
| 650 | 0 | _aTelecommunication Engineering | |
| 942 |
_2ddc _cBK |
||
| 999 |
_c181834 _d181834 |
||